Tuscan archipelago - Statistics

General Stats
  • This quiz has been taken 26 times
    25 since last reset
  • The average score is 7 of 10
Answer Stats
Answer % Correct
Elba
100%
Capraia
81%
Giglio
76%
Giannutri
71%
Gorgona
71%
Pianosa
71%
Montecristo
67%
Formiche di Grosseto
48%
Cerboli
33%
Palmaiola
33%
No matching quizzes found
Score Distribution
Percent of People with Each Score
Percentile by Number Answered
Your Score History
You have not taken this quiz since the last reset